Tokyo : A confidential guide to the greatest
Bewaard in:
| Coauteur: | |
|---|---|
| Formaat: | Boek |
| Taal: | Undetermined |
| Gepubliceerd in: |
Tokyo
Don Briggs Production
1977
|
| Onderwerpen: | |
| Tags: |
Voeg label toe
Geen labels, Wees de eerste die dit record labelt!
|
| Thư viện lưu trữ: | Trung tâm Học liệu Trường Đại học Cần Thơ |
|---|
| LEADER | 00527nam a2200193Ia 4500 | ||
|---|---|---|---|
| 001 | CTU_111506 | ||
| 008 | 210402s9999 xx 000 0 und d | ||
| 082 | |a 915.2044 | ||
| 082 | |b D676 | ||
| 110 | |a Donald Clair Briggs | ||
| 245 | 0 | |a Tokyo : | |
| 245 | 2 | |b A confidential guide to the greatest | |
| 260 | |a Tokyo | ||
| 260 | |b Don Briggs Production | ||
| 260 | |c 1977 | ||
| 650 | |a Tokyo (Japan),Japan | ||
| 650 | |x Maps,Description and travel | ||
| 904 | |i Năm | ||
| 980 | |a Trung tâm Học liệu Trường Đại học Cần Thơ | ||